Los campesinos en la sociedad medieval /
Uloženo v:
| Hlavní autor: | |
|---|---|
| Médium: | Kniha |
| Jazyk: | španělština |
| Vydáno: |
Madrid, España :
Arco Libros,
1999, c1999
|
| Edice: | (Cuadernos de Historia ;
62) |
| Témata: | |
| Tagy: |
Žádné tagy, Buďte první, kdo vytvoří štítek k tomuto záznamu!
|
MARC
| LEADER | 00000nam^a2200000^a^4500 | ||
|---|---|---|---|
| 001 | 000399871 | ||
| 005 | 20250521000000.0 | ||
| 009 | 20260310121603.927 | ||
| 020 | |a 84-7635-342-1 | ||
| 037 | |a Acervo ITESO - Biblioteca | ||
| 041 | |a ESP | ||
| 082 | |a 305. 5633094012 |b BOR | ||
| 100 | |a Borrero Fernández, Mercedes |e (autor) | ||
| 245 | 1 | 4 | |a Los campesinos en la sociedad medieval / |c M. Borrero Fernández. |
| 264 | 4 | |a Madrid, España : |b Arco Libros, |c 1999, c1999 | |
| 300 | |a 71 p. | ||
| 336 | |a texto |b txt |2 rdacontenido | ||
| 337 | |a sin mediación |b n |2 rdamedio | ||
| 338 | |a volumen |b nc |2 rdasoporte | ||
| 440 | 1 | |a (Cuadernos de Historia ; |v 62) | |
| 521 | |a FIL 2017 EEnlace Centro Interdisciplinario para la Formación y Vinculación Social | ||
| 649 | |a XX | ||
| 650 | |a Campesinos Europeos - |x Historia - |y 476-1492 - |x Tema Principal | ||
| 650 | |a Feudalismo - |z Europa - |x Historia | ||
| 650 | |a Economía de la Tierra - |z Europa - |x Historia | ||
| 650 | |a Europa - |x Historia - |y 476-1492 | ||
| 650 | |a Edad Media - |x Historia | ||
| 910 | |a Fondo General | ||
| 920 | |a Impresos - Libros | ||
| 930 | |a Colección General | ||
| 905 | |a 101 | ||
| 901 | |a 0500294998 |b IT1 |c ACC |i c157580 |u 20250521 | ||
| 902 | |a https://opac.biblio.iteso.mx/vufind/Record/000399871 | ||